<The> Czech banking sector: two decades with the shuttle changes

Objasnenenie otázky ako mohol ostať český bankový sektor silný a stabilizovaný napriek vypuknutiu globálnej krízy. Popis praktického vymiznutia malých a stredných bánk v 90tych rokoch a vývoja veľkých bánk na modeli udržateľného rastu. Analýza okolností privatizovania v českej ekonomike. Vysvetlenie...

Ausführliche Beschreibung

Gespeichert in:
Bibliographische Detailangaben
1. Verfasser: Dubská, Drahomíra
Format: Buchkapitel
Sprache:Englisch
Schlagworte:
Tags: Tag hinzufügen
Keine Tags, Fügen Sie das erste Tag hinzu!

MARC

LEADER 00000naa a2200000 4500
001 0184434
005 20220729111917.2
041 0 |a eng 
044 |a CZ 
245 1 0 |a <The> Czech banking sector: two decades with the shuttle changes  |c Drahomíra Dubská 
520 |a Objasnenenie otázky ako mohol ostať český bankový sektor silný a stabilizovaný napriek vypuknutiu globálnej krízy. Popis praktického vymiznutia malých a stredných bánk v 90tych rokoch a vývoja veľkých bánk na modeli udržateľného rastu. Analýza okolností privatizovania v českej ekonomike. Vysvetlenie dôvodov vysokej ziskovosti a nízkej úrovne rizika v bankovom sektore v ČR v období 2001-2011. 
610 2 0 |a banky 
610 2 0 |a Česko 
610 2 0 |a bankovníctvo retailové 
610 2 0 |a pôžičky 
610 2 0 |a kríza finančná 
100 1 |a Dubská, Drahomíra